Peruvian colonial art: the Cuzco school of painting
Gespeichert in:
| 1. Verfasser: | |
|---|---|
| Format: | Buch |
| Sprache: | Englisch |
| Veröffentlicht: |
Ciudad de México
Libros de México
1964
|
| Schlagworte: | |
| Tags: |
Tag hinzufügen
Keine Tags, Fügen Sie den ersten Tag hinzu!
|
MARC
| LEADER | 00000nam a2200000 a 4500 | ||
|---|---|---|---|
| 001 | UCV9301 | ||
| 003 | CL-VaPUC | ||
| 008 | 920805e19640000MX |||||||||||||||||eng|d | ||
| 082 | 0 | 4 | |a 709.03 |b COS |2 21 |
| 100 | |a Cossío del Pomar, Felipe |e author |9 447203 | ||
| 245 | 1 | 0 | |a Peruvian colonial art: the Cuzco school of painting |
| 300 | |a 197 p | ||
| 942 | |c BK | ||
| 945 | |d 19920805 00:00:00 | ||
| 260 | |a Ciudad de México |b Libros de México |c 1964 | ||
| 650 | 0 | |a Arte colonial |9 254857 | |
| 651 | 7 | |a CUZCO |2 CL-VaPUC |9 265268 | |
| 651 | 0 | |a Perú |9 256567 | |
| 583 | |a last modification |c 19920805 00:00:00 |k Rodrigo Vera | ||
| 999 | |c 214662 |d 214660 | ||
| 952 | |0 0 |1 0 |4 0 |6 709_030000000000000_COS_1964 |7 0 |8 P |9 198281 |a BIBARQ |b BIBARQ |d 2019-11-14 |i 2657856 |o 709.03 COS 1964 |p 2657856 |r 2025-01-20 |w 2019-11-14 |y BK |k ARQ | ||